000 00510cam a22001934a 4500
005 20250605164310.0
008 250528s ||||||||||||||||||||||||d
035 _a22467
020 _a9789604318919
040 _aGR-AtMCL
_bgre
_dGR-AtMCL
_eAACR2
245 1 _aΠΙΘΑΝΟΤΗΤΕΣ ΚΑΙ ΣΤΟΙΧΕΙΑ ΣΤΑΤΙΣΤΙΚΗΣ
250 _a1
260 _bΖήτη,
_c2003
300 _a425
700 1 _aΖιουτας Γιωργος
_98285
942 _cBK
999 _c7519
_d7519